000
00322nam a2200145Ia 4500
008
150301s2015 xx 000 0 und d
082
_a
615.2
_b
D15D
100
_a
VIKAS DHIKAV
245
_a
DRUGS OF CHOICE 2014
250
_a
7TH
260
_b
AITBS DELHI
300
_a
350
650
_a
PHARMACEUTICS
942
_2
ddc
_c
BK
999
_c
7196
_d
7196